Normal view
MARC view
- Restrepo Betancur, Luis Fernando
Entry Nombre Personal
001 - NUMERO DE CONTROL
- campo de control: 58840
003 - IDENTIFICADOR DE NUMERO DE CONTROL
- campo de control: UPN
005 - FECHA Y HORA DE LA ÜLTIMA TRANSACCIÓN
- campo de control: 20260219115320.0
008 - DATOS DE LONGITUD FIJA
- campo de control de longitud fija: 260219|| acz||aabn | a|a d
024 ## - OTROS IDENTIFICADORES NORMALIZADOS
- Número normalizado o código: https://orcid.org/0000-0002-8583-5028
040 ## - FUENTE DE CATALOGACIÓN
- Agencia original de catalogación: MX-MxUPN
100 1# - ENCABEZAMIENTO - NOMBRE PERSONAL
- Nombre personal: Restrepo Betancur, Luis Fernando
370 ## - LUGAR ASOCIADO
- Place of birth: Colombia
371 ## - DIRECCIÓN
- Electronic mail address: frbstatistical@yahoo.es
373 ## - GRUPO ASOCIADO
- Associated group: Universidad de Antioquia
374 ## - OCUPACIÓN
- Occupation: Docencia e investigación universitaria
377 ## - LENGUA ASOCIADA
- Language code: spa
670 ## - FUENTE EN LA QUE SE LOCALIZARON DATOS
- Cita de la fuente: En recurso en línea : Psychologia : avances de la disciplina, Vol. 19, no. 2, 2025)
- Información localizada: (Luis Fernando Restrepo Betancur)
- Uniform Resource Identifier: https://revistas.usb.edu.co/index.php/Psychologia/article/view/7238
902 ## - CATALOGADOR
- Catalogador: Leonor Sotres/190226
